| 000 | 00536nam a22001577a 4500 | ||
|---|---|---|---|
| 003 | OSt | ||
| 005 | 20150923140757.0 | ||
| 008 | 150923b xxu||||| |||| 00| 0 eng d | ||
| 040 | _cRUA | ||
| 082 | _aAGR BIN 2007 B048 Or.1 | ||
| 100 |
_91185 _aBIN AMRIN |
||
| 245 | _aEffect of hill spaces on rice varieties,(ឥទ្ធិពលនៃចន្លោះគុម្ពសន្ទូងទៅលើពូជស្រូវផ្សេងៗ) | ||
| 260 |
_aphnom penh _bRUA _c2007 |
||
| 300 |
_axi, 50p. _cill. _g29cm. |
||
| 942 |
_2ddc _cAGR |
||
| 999 |
_c1129 _d1129 |
||